|
|
|
|
| LEADER |
01088pam a22002898a 4500 |
| 001 |
00023015 |
| 005 |
20171026081022.0 |
| 008 |
110608s1978 ||||||Viesd |
| 041 |
0 |
# |
|a Vie
|
| 082 |
1 |
4 |
|a 930
|b L302S
|
| 100 |
0 |
# |
|a Nguyễn Văn Đức
|
| 245 |
0 |
0 |
|a Lịch sử thế giới cận đại
|c Nguyễn Văn Đức, Trần Văn Trị, Phạm Gia Hải, Phan Ngọc Liên
|
| 250 |
# |
# |
|a in lại lần 2
|
| 260 |
# |
# |
|a H.
|b Giáo dục
|c 1978
|
| 300 |
# |
# |
|c 20 cm.
|a 160 tr.
|
| 653 |
# |
# |
|a Lịch sử
|
| 653 |
# |
# |
|a Lịch sử Thế giới
|
| 653 |
# |
# |
|a Lịch sử cận đại
|
| 700 |
0 |
# |
|a Phan Ngọc Liên
|
| 700 |
0 |
# |
|a Phạm Gia Hải
|
| 700 |
0 |
# |
|a Trần Văn Trị
|
| 852 |
# |
# |
|b Kho giáo trình
|j KGT.0025917, KGT.0025918, KGT.0025919, KGT.0025920
|
| 852 |
# |
# |
|b Kho mượn
|j KGT.0025917
|
| 852 |
# |
# |
|b Kho đọc
|j KD.0009834
|
| 852 |
# |
# |
|j KGT.0025917
|j KGT.0025918
|j KGT.0025920
|j KD.0009834
|j KGT.0025919
|
| 910 |
0 |
# |
|a ngọc
|d 08/06/2011
|
| 980 |
# |
# |
|a Trung tâm Học liệu Lê Vũ Hùng, Trường Đại học Đồng Tháp
|